My s červenou hviezdičkou

Podrobná bibliografia
Hlavný autor: Čepčeková, Elena, 1922-1992 (Autor)
Ďalší autori: Grygarová, Květa (Ilustrátor)
Médium: Kniha
Jazyk:slovenčina
Fyzický popis:[16] s. Prieč. 12°
Vydavateľské údaje: Bratislava Mladé letá 1961
Vydanie:1. vyd.
Predmet:

MARC

LEADER 00000cam a2200000 a 4500
001 vtls008345930
003 SK-MaSNL
005 20260302084824.0
008 230403s1961 xo a 000 0 slo
015 |a SNBA1961/12-02649 
035 |a SK01SNK19610038147 
035 |a urn:nbn:sk:snk-am3ho6i 
035 |a 2224F707-85A5-4F36-8C34-C958C3AC795C 
035 |a urn:nbn:sk:snk-am00cvil 
035 |a SKM000040610 
040 |a SNK  |b slo  |c SNK  |e AACR2 
041 0 |a slo 
044 |a xo  |c SK 
080 |a 885.4-3(087.5)  |2 1981 
100 1 |a Čepčeková, Elena,  |d 1922-1992  |4 aut  |9 93046 
245 1 0 |a My s červenou hviezdičkou  |c Elena Čepčeková ; ilustrácie Květa Grygarová 
250 |a 1. vyd. 
260 |a Bratislava  |b Mladé letá  |c 1961  |e Martin  |f Tlačiarne SNP 
300 |a [16] s.  |c Prieč. 12° 
366 |e 10000 výtl. 
521 |a Pre čitateľov do 7 rokov 
655 7 |a slovenské rozprávky  |2 SNKPH  |9 70528 
655 7 |a autorské rozprávky  |2 SNKPH  |9 70727 
655 7 |a publikácie pre deti  |2 SNKPH  |9 70148 
700 1 |a Grygarová, Květa  |4 ill  |9 659332 
852 |a Slovenská národná knižnica 
954 |a beletria pôvodná (slovenská)  |2 lita 
958 |a EUIPO 
958 |a OND 
958 |a TL 
958 |a RK 
958 |a DB 
958 |a LX 
958 |a BQ 
999 |c 1189394  |d 1191324 
952 |a SNK  |b SNK  |y PREZ  |7 0  |p 17A0721557  |o snkSE 3233  |i snkKSP7279/61  |0 0  |1 0  |4 0  |d 2017-09-12  |f 1  |l 0  |r 2026-02-24 22:07:14  |w 2026-02-24 
952 |a SNK  |b SNK  |y PREZ  |7 0  |p 17A1190133  |o snkSE 3233 D1  |i snkKSP 7280/61  |0 0  |1 0  |4 0  |d 2017-09-12  |l 0  |r 2026-02-24 22:07:14  |w 2026-02-24